[Event "Amber-blind 13th"]
[Site "Monaco"]
[Date "2004.03.23"]
[Round "4"]
[White "Bareev, Evgeny"]
[Black "Topalov, Veselin"]
[Result "1/2-1/2"]
[WhiteElo "2714"]
[BlackElo "2735"]
[PlyCount "133"]
[EventDate "2004.03.20"]
[Source "ChessBase"]
[SourceDate "2004.05.04"]

1. d4 Nf6 2. c4 e6 3. Nc3 Bb4 4. Qc2 d5 5. cxd5 exd5 6. Bg5 h6 7. Bh4 c5 8. dxc5 g5 9. Bg3 Ne4 10. e3 Qa5 11. Nge2 Bf5 12. Be5 O-O 13. Nd4 Re8 14. Bxb8 Bg6 15. Bc7 Qxc7 16. Bd3 Bxc5 17. Bxe4 dxe4 18. O-O-O Rac8 19. Kb1 Red8 20. Nb3 Be7 21. Rxd8+ Rxd8 22. h3 Bf6 23. Ne2 Qb6 24. Rd1 Rd3 25. Nec1 Rxd1 26. Qxd1 h5 27. Ne2 Qb5 28. Ned4 Qc4 29. Qe2 Qxe2 30. Nxe2 h4 31. Kc2 Bf5 32. Nd2 Kg7 33. Nc3 Be5 34. Ncxe4 Kg6 35. f3 b6 36. b3 Bc8 37. Nf2 Bg3 38. Nd3 f5 39. e4 Bh2 40. exf5+ Kxf5 41. Ne4 Bb7 42. Nc3 Bb8 43. Nb5 a6 44. Nd4+ Kf6 45. Nf2 Ke5 46. Kd3 Kf6 47. Ng4+ Kg6 48. a4 Bd5 49. Ne3 Bg8 50. Ke4 Bd6 51. Nef5 Ba3 52. Ne3 Bc5 53. Nd5 a5 54. Ke5 Bxd4+ 55. Kxd4 Be6 56. Ke5 Bf7 57. f4 gxf4 58. Nxf4+ Kg5 59. Ne6+ Kg6 60. Nd4 Kg5 61. Ke4 Bg8 62. Ke5 Bf7 63. Ne6+ Kg6 64. Nf4+ Kg5 65. Nd5 Bg8 66. Kd6 Bf7 67. Ke5 1/2-1/2

[Event "Beograd"]
[Site "?"]
[Date "1989.??.??"]
[Round "?"]
[White "Kasparov, Garry"]
[Black "Nikolic, Pr"]
[Result "1-0"]
[WhiteElo "2775"]
[BlackElo "2600"]
[PlyCount "81"]
[EventDate "1989.??.??"]
[Source "ChessBase"]
[SourceDate "1989.07.01"]

1. d4 Nf6 2. c4 e6 3. Nc3 Bb4 4. Qc2 d5 5. cxd5 exd5 6. Bg5 h6 7. Bh4 g5 8. Bg3 Ne4 9. e3 c6 10. Bd3 Nxg3 11. hxg3 Be6 12. a3 Bf8 13. f4 gxf4 14. gxf4 Bg4 15. Bf5 Bxf5 16. Qxf5 Nd7 17. e4 Qf6 18. Qxf6 Nxf6 19. e5 Nd7 20. Nge2 Nb6 21. b3 Rg8 22. Kf2 Kd7 23. Ng3 Rc8 24. Kf3 c5 25. dxc5 Rxc5 26. Nce2 Rc6 27. Rhc1 Rxc1 28. Rxc1 Bxa3 29. Ra1 Bc5 30. Nf5 Ra8 31. Nxh6 Ke6 32. g4 a5 33. Rc1 Nd7 34. Nc3 Ra6 35. Re1 d4 36. f5+ Ke7 37. Nd5+ Kf8 38. e6 fxe6 39. fxe6 Nb8 40. Nf5 Nc6 41. g5 1-0

[Event "Wijk aan Zee (open)"]
[Site "?"]
[Date "1995.??.??"]
[Round "?"]
[White "Sokolov, I."]
[Black "Short, N."]
[Result "1/2-1/2"]
[WhiteElo "2645"]
[BlackElo "2655"]
[PlyCount "125"]
[EventDate "1995.??.??"]
[Source "ChessBase"]
[SourceDate "1994.10.01"]

1. d4 e6 2. c4 Nf6 3. Nc3 Bb4 4. Qc2 d5 5. cxd5 exd5 6. Bg5 h6 7. Bh4 c5 8. dxc5 g5 9. Bg3 Ne4 10. e3 Qa5 11. Be5 O-O 12. Bd3 Nc6 13. Bxe4 Nxe5 14. Bh7+ Kg7 15. Bd3 d4 16. exd4 Bxc3+ 17. bxc3 Nxd3+ 18. Qxd3 Bf5 19. Qc4 Rfe8+ 20. Kd2 b5 21. Qb4 Qc7 22. Ne2 a5 23. Qb2 Bg6 24. h4 Qc6 25. f3 b4 26. Rae1 Rad8 27. cxb4 Qf6 28. h5 Bh7 29. b5 Re5 30. Qc3 Qe7 31. Nc1 Qxc5 32. Nb3 Qxb5 33. a4 Qd5 34. Rxe5 Qxe5 35. Re1 Qf6 36. Re3 Rd5 37. Ke2 g4 38. Re5 gxf3+ 39. gxf3 Qa6+ 40. Ke3 Rxe5+ 41. dxe5 Qb6+ 42. Nd4 Bf5 43. Kf4 Be6 44. Nxe6+ Qxe6 45. Qxa5 Qc4+ 46. Ke3 Qb3+ 47. Kf2 Qb2+ 48. Kg3 Qd4 49. Qe1 Qxa4 50. e6 fxe6 51. Qxe6 Qc2 52. Qe7+ Kg8 53. Qd8+ Kg7 54. Qd4+ Kg8 55. Qd5+ Kg7 56. Qe5+ Kg8 57. Qd5+ Kg7 58. f4 Qc3+ 59. Kg4 Qc8+ 60. f5 Qc1 61. Qe5+ Kf7 62. Qe6+ Kf8 63. Qf6+ 1/2-1/2

[Event "RUS-CHN match"]
[Site "Moscow"]
[Date "2004.08.14"]
[Round "4.3"]
[White "Dreev, Alexey"]
[Black "Zhang Zhong"]
[Result "1-0"]
[WhiteElo "2690"]
[BlackElo "2603"]
[PlyCount "111"]
[EventDate "2004.08.10"]
[Source "Roberto Alvarez"]
[SourceDate "2004.08.24"]

1. d4 Nf6 2. c4 e6 3. Nc3 Bb4 4. Qc2 d5 5. cxd5 exd5 6. Bg5 h6 7. Bh4 c5 8. dxc5 g5 9. Bg3 Ne4 10. e3 Qa5 11. Nge2 Bf5 12. Bxb8 Rxb8 13. Nd4 Bg6 14. Bb5+ Kf8 15. Bd3 Qxc5 16. O-O Re8 17. Nb3 Qc6 18. Nd4 Qc5 19. Rfc1 Kg7 20. Qa4 Qa5 21. Qxa5 Bxa5 22. Nxd5 Re5 23. Bxe4 Bxe4 24. Nc3 Bg6 25. Ncb5 Bb6 26. a4 a6 27. a5 Bc5 28. Nf3 Rf5 29. Nbd4 Rd5 30. Nb3 Ba7 31. Nfd4 Rhd8 32. Rc7 R8d7 33. Rc8 Rd8 34. Rc4 R8d7 35. Rac1 Re7 36. Nc5 Bb8 37. b4 g4 38. Rd1 Rh5 39. g3 Rd5 40. Rcc1 Ba7 41. Ndb3 Rxd1+ 42. Rxd1 Bb8 43. Nd4 Be5 44. Ne2 f6 45. Nf4 Bf7 46. Nd5 Re8 47. Nxb7 f5 48. Nb6 Re7 49. Nc5 Ra7 50. Rd3 Be8 51. Nc4 Bf6 52. Nd6 Bg6 53. Nc8 Ra8 54. Rd7+ Kh8 55. Nb6 Re8 56. Nxa6 1-0

[Event "Madrid"]
[Site "?"]
[Date "1995.??.??"]
[Round "?"]
[White "Beliavsky, A."]
[Black "Timman, J."]
[Result "1-0"]
[WhiteElo "2650"]
[BlackElo "2635"]
[PlyCount "65"]
[EventDate "1995.??.??"]
[Source "ChessBase"]
[SourceDate "1995.02.01"]

1. d4 Nf6 2. c4 e6 3. Nc3 Bb4 4. Qc2 d5 5. cxd5 exd5 6. Bg5 h6 7. Bh4 c5 8. dxc5 g5 9. Bg3 Ne4 10. e3 Qa5 11. Nge2 Nc6 12. a3 Bf5 13. Qc1 Nxc5 14. axb4 Nd3+ 15. Kd2 Qxb4 16. Ra4 Nxc1 17. Rxb4 Nxe2 18. Rxb7 Nxg3 19. hxg3 d4 20. exd4 Nxd4 21. Nd5 Rd8 22. Bc4 O-O 23. Kc3 Ne2+ 24. Kb4 Kg7 25. Rd1 Bg4 26. Rd2 Rfe8 27. Rxa7 Re4 28. f3 Nd4 29. Rxf7+ Kxf7 30. fxe4 Ne6 31. Rf2+ Kg7 32. Ne3 Rb8+ 33. Kc3 1-0

[Event "Jugoslavija"]
[Site "?"]
[Date "1995.??.??"]
[Round "?"]
[White "Beliavsky, A."]
[Black "Sokolov, A."]
[Result "1/2-1/2"]
[WhiteElo "2650"]
[BlackElo "2585"]
[PlyCount "47"]
[EventDate "1995.??.??"]
[Source "ChessBase"]
[SourceDate "1995.06.01"]

1. d4 Nf6 2. c4 e6 3. Nc3 Bb4 4. Qc2 d5 5. cxd5 exd5 6. Bg5 h6 7. Bh4 g5 8. Bg3 Ne4 9. e3 Be6 10. Bd3 Nxg3 11. hxg3 Nd7 12. Nge2 c6 13. O-O-O Qe7 14. e4 dxe4 15. Bxe4 Nf6 16. d5 cxd5 17. Bxd5 Bxc3 18. Nxc3 Nxd5 19. Nxd5 Bxd5 20. Rxd5 O-O 21. Kb1 Rad8 22. Rc5 Rd6 23. Rc1 Rfd8 24. Rc8 1/2-1/2

[Event "Camp. russo a squadre 2007"]
[Site "Sochi RUS"]
[Date "2007.05.08"]
[Round "7"]
[White "Rychagov, A."]
[Black "Jobava, Ba"]
[Result "1/2-1/2"]
[WhiteElo "2571"]
[BlackElo "2658"]
[PlyCount "61"]
[EventDate "2007.05.02"]
[Source "www.chesslib.no"]
[SourceDate "2004.05.04"]

1. d4 Nf6 2. c4 e6 3. Nc3 Bb4 4. Qc2 d5 5. cxd5 exd5 6. Bg5 h6 7. Bxf6 Qxf6 8. Nf3 O-O 9. a3 Bf5 10. Qb3 Bxc3+ 11. Qxc3 Nd7 12. e3 Rfc8 13. Bd3 Bxd3 14. Qxd3 c5 15. Qb5 Qd6 16. dxc5 Rxc5 17. Qe2 Rac8 18. O-O Rc2 19. Qb5 a6 20. Qb3 Qb6 21. Qxb6 Nxb6 22. b3 Nd7 23. Nd4 R2c3 24. Rfd1 Nc5 25. Rab1 Ne6 26. Kf1 Nxd4 27. Rxd4 R8c5 28. Ke2 Rb5 29. Rd3 Rc2+ 30. Rd2 Rc3 31. Rd3 1/2-1/2

[Event "Linares"]
[Site "?"]
[Date "1989.??.??"]
[Round "?"]
[White "Hjartarson, J."]
[Black "Sokolov, A."]
[Result "1-0"]
[WhiteElo "2615"]
[BlackElo "2605"]
[PlyCount "103"]
[EventDate "1989.??.??"]
[Source "ChessBase"]
[SourceDate "1989.01.01"]

1. d4 Nf6 2. c4 e6 3. Nc3 Bb4 4. Qc2 d5 5. cxd5 exd5 6. Bg5 h6 7. Bxf6 Qxf6 8. a3 Bxc3+ 9. Qxc3 O-O 10. e3 Bf5 11. Ne2 Rc8 12. Rc1 Nd7 13. b4 a5 14. Ng3 axb4 15. axb4 Ra2 16. Be2 c6 17. O-O Rca8 18. Ra1 Nb6 19. Rxa2 Rxa2 20. Qb3 Rc2 21. b5 Nc4 22. bxc6 bxc6 23. e4 Rxe2 24. Nxe2 Bxe4 25. Qb8+ Kh7 26. Qf4 Qe7 27. Ng3 g5 28. Qc1 Bd3 29. Re1 Qf6 30. Qc3 Bg6 31. Nf1 g4 32. Ne3 Nxe3 33. Qxe3 Be4 34. Rc1 h5 35. Rc5 Bf5 36. Qf4 h4 37. Rc3 Kg6 38. f3 gxf3 39. Rxf3 Qg5 40. Qxg5+ Kxg5 41. Kf2 f6 42. Rc3 Bd7 43. Re3 Kf4 44. Re7 Bf5 45. Rf7 Ke4 46. Rxf6 Bd7 47. Rd6 Bf5 48. Rxc6 h3 49. gxh3 Bxh3 50. Kg3 Bd7 51. Rc7 Bb5 52. h4 1-0

[Event "OHRA-A"]
[Site "Amsterdam"]
[Date "1990.??.??"]
[Round "4"]
[White "Kortschnoj, Viktor"]
[Black "Portisch, Lajos"]
[Result "1/2-1/2"]
[WhiteElo "2630"]
[BlackElo "2590"]
[PlyCount "95"]
[EventDate "1990.07.??"]
[Source "ChessBase"]

1. d4 Nf6 2. c4 e6 3. Nc3 Bb4 4. Qc2 d5 5. cxd5 exd5 6. Bg5 c5 7. dxc5 h6 8. Bh4 Nc6 9. e3 g5 10. Bg3 Ne4 11. Nf3 Qa5 12. Nd2 Bxc3 13. bxc3 Qxc3 14. Qxc3 Nxc3 15. f3 Bf5 16. Kf2 O-O 17. h4 Rfe8 18. hxg5 hxg5 19. Nb3 Kg7 20. Kg1 Rxe3 21. Bf2 Ne2+ 22. Bxe2 Rxe2 23. Nd4 Nxd4 24. Bxd4+ Kg6 25. g4 Bd3 26. Rh2 Rae8 27. Rd1 Bc4 28. Rd2 R2e6 29. Kf2 Ra6 30. Kg3 Ra4 31. Rb2 Ba6 32. Rhd2 Re2 33. Rxe2 Bxe2 34. Rxe2 Rxd4 35. Rb2 Ra4 36. Rxb7 Kf6 37. c6 Rxa2 38. Rb5 Rc2 39. Rxd5 Rxc6 40. Ra5 a6 41. Kf2 Re6 42. Kg3 Kg6 43. Ra3 Kg7 44. Ra5 f6 45. f4 gxf4+ 46. Kxf4 Kf7 47. g5 fxg5+ 48. Rxg5 1/2-1/2

[Event "Groningen"]
[Site "?"]
[Date "1993.??.??"]
[Round "?"]
[White "Alterman, B."]
[Black "Kortchnoi, V."]
[Result "1/2-1/2"]
[WhiteElo "2585"]
[BlackElo "2625"]
[PlyCount "79"]
[EventDate "1993.??.??"]
[Source "ChessBase"]
[SourceDate "1993.10.01"]

1. d4 Nf6 2. c4 e6 3. Nc3 Bb4 4. Qc2 d5 5. cxd5 exd5 6. Bg5 c5 7. dxc5 h6 8. Bh4 g5 9. Bg3 Ne4 10. e3 Qa5 11. Nge2 Nc6 12. f3 Nxg3 13. hxg3 Bxc5 14. Qd2 Be6 15. Nd4 Nxd4 16. exd4 Bb4 17. a3 Bxc3 18. Qxc3 Qxc3+ 19. bxc3 Rc8 20. Kd2 Kf8 21. Bd3 f6 22. Rab1 Rc7 23. Rb5 Ke7 24. g4 Bf7 25. a4 Kd6 26. Rhb1 Rb8 27. a5 h5 28. gxh5 Bxh5 29. Rh1 Be8 30. Rbb1 Bc6 31. Rh6 Rf8 32. Rbh1 Re7 33. Rh8 Rxh8 34. Rxh8 Rf7 35. Rg8 b6 36. a6 Rc7 37. Rg6 Rf7 38. Rg8 Rc7 39. Rg6 Rf7 40. Rg8 1/2-1/2

[Event "Leningrad"]
[Site "?"]
[Date "1987.??.??"]
[Round "?"]
[White "Nogueiras, J."]
[Black "Sokolov, A."]
[Result "0-1"]
[WhiteElo "2565"]
[BlackElo "2645"]
[PlyCount "70"]
[EventDate "1987.??.??"]
[Source "ChessBase"]
[SourceDate "1987.01.01"]

1. d4 Nf6 2. c4 e6 3. Nc3 Bb4 4. Qc2 d5 5. cxd5 exd5 6. Bg5 h6 7. Bxf6 Qxf6 8. a3 Bxc3+ 9. Qxc3 O-O 10. e3 Bf5 11. Nf3 Nd7 12. Rc1 Rfc8 13. b4 a5 14. bxa5 c5 15. Bb5 cxd4 16. Qxc8+ Rxc8 17. Rxc8+ Nf8 18. Re8 dxe3 19. O-O exf2+ 20. Rxf2 Qa1+ 21. Bf1 Qxa3 22. Ne5 g6 23. h4 h5 24. Ra8 Qe3 25. Re8 Qc5 26. Rb8 Qc7 27. Re8 Qc5 28. Rb8 Qc7 29. Re8 Kg7 30. Bd3 Bxd3 31. Nxd3 Ne6 32. Rf1 Qg3 33. Rf3 Qxh4 34. Kf1 Ng5 35. Rf4 Qg3 0-1

[Event "Amber-blind 8th"]
[Site "Monte Carlo"]
[Date "1999.03.24"]
[Round "8"]
[White "Piket, Jeroen"]
[Black "Ljubojevic, Ljubomir"]
[Result "1-0"]
[WhiteElo "2619"]
[BlackElo "2571"]
[PlyCount "81"]
[EventDate "1999.03.16"]
[Source "ChessBase"]
[SourceDate "1999.05.10"]

1. d4 Nf6 2. c4 e6 3. Nc3 Bb4 4. Qc2 d5 5. cxd5 exd5 6. Bg5 h6 7. Bh4 O-O 8. e3 b6 9. Nf3 Be7 10. Bd3 Bb7 11. Bg3 c5 12. O-O Nc6 13. a3 Nh5 14. dxc5 bxc5 15. Rad1 Nxg3 16. hxg3 d4 17. Be4 Rb8 18. Rfe1 Re8 19. exd4 Nxd4 20. Nxd4 cxd4 21. Bxb7 Rxb7 22. Ne2 Bf6 23. Nf4 Rxe1+ 24. Rxe1 Rc7 25. Qa4 Kh7 26. Qb5 Qd7 27. Qxd7 Rxd7 28. Nd3 h5 29. Rc1 g5 30. Rc6 Kg7 31. Kf1 Re7 32. b4 Kg6 33. a4 Kf5 34. Rc5+ Kg6 35. b5 Re6 36. Rc6 Kf5 37. Rc5+ Kg6 38. Rc7 a6 39. Nc5 Rd6 40. Rc6 Be7 41. Nb7 1-0

[Event "AUT-chT 9495"]
[Site "Austria"]
[Date "1995.??.??"]
[Round "?"]
[White "Chernin, Alexander"]
[Black "Kindermann, Stefan"]
[Result "1-0"]
[WhiteElo "2600"]
[BlackElo "2585"]
[PlyCount "71"]
[EventDate "1994.??.??"]
[Source "ChessBase"]

1. d4 Nf6 2. c4 e6 3. Nc3 Bb4 4. Qc2 d5 5. cxd5 exd5 6. Bg5 h6 7. Bxf6 Qxf6 8. a3 Bxc3+ 9. Qxc3 O-O 10. e3 Bf5 11. Ne2 Nd7 12. Rc1 Rfd8 13. b4 a5 14. Ng3 axb4 15. axb4 c6 16. Be2 Ra2 17. O-O Rda8 18. b5 R8a3 19. Qb4 Ra4 20. Qb3 R4a3 21. Qb4 Ra4 22. Qe1 Bc2 23. bxc6 bxc6 24. Qc3 R4a3 25. Qb4 Rb3 26. Qd2 Rbb2 27. Ra1 Qg6 28. Rxa2 Rxa2 29. Qc3 Nb6 30. Qb4 Na4 31. Nh5 Be4 32. Nf4 Qg5 33. Bd1 Nb2 34. Qb3 Nxd1 35. h4 Qxh4 36. Qxa2 1-0

[Event "6th Dubai Open"]
[Site "Dubai"]
[Date "2004.04.24"]
[Round "6"]
[White "Gagunashvili, Merab"]
[Black "Vladimirov, Evgeny"]
[Result "1/2-1/2"]
[WhiteElo "2562"]
[BlackElo "2621"]
[PlyCount "49"]
[EventDate "2004.04.19"]
[Source "Roberto Alvarez"]
[SourceDate "2004.05.03"]

1. d4 Nf6 2. c4 e6 3. Nc3 Bb4 4. Qc2 d5 5. cxd5 exd5 6. Bg5 h6 7. Bh4 c5 8. dxc5 g5 9. Bg3 Ne4 10. e3 Qa5 11. Nge2 Nc6 12. a3 Bf5 13. Qc1 Nxc5 14. axb4 Nd3+ 15. Kd2 Qxb4 16. Ra4 Nxc1 17. Rxb4 Nxe2 18. Rxb7 Nxg3 19. hxg3 d4 20. exd4 Nxd4 21. Nd5 Rd8 22. Bc4 O-O 23. Kc3 Ne2+ 24. Kb4 Nd4 25. Kc3 1/2-1/2

[Event "Villarrobledo"]
[Site "?"]
[Date "2006.08.05"]
[Round "3"]
[White "Herraiz Hidalgo Herminio"]
[Black "Van Wely Loek"]
[Result "0-1"]
[WhiteElo "2492"]
[BlackElo "2675"]
[PlyCount "80"]
[EventDate "2006.??.??"]
[Source "www.chesslib.no"]
[SourceDate "2004.05.04"]

1. d4 Nf6 2. c4 e6 3. Nc3 Bb4 4. Qc2 d5 5. cxd5 exd5 6. Bg5 h6 7. Bxf6 Qxf6 8. a3 Bxc3+ 9. Qxc3 O-O 10. e3 c6 11. Nf3 a5 12. Be2 a4 13. O-O Bg4 14. h3 Bxf3 15. Bxf3 Qd6 16. Qb4 Qxb4 17. axb4 Rd8 18. Ra3 Ra6 19. Rc1 b5 20. Kf1 Kf8 21. Ke2 Rb6 22. b3 axb3 23. Kd2 Ra6 24. Rxa6 Nxa6 25. Kc3 Ke7 26. Kxb3 Kd6 27. e4 dxe4 28. Bxe4 Rc8 29. Bf3 Rc7 30. Rc3 Nb8 31. d5 c5 32. bxc5+ Rxc5 33. Re3 Nd7 34. Re8 Rc4 35. Ra8 Nc5+ 36. Kb2 b4 37. Rb8 Nd3+ 38. Kb1 Rc3 39. Be2 Rc1+ 40. Ka2 Rc2+ 0-1

[Event "FRA-ch"]
[Site "Aix les Bains"]
[Date "2003.08.18"]
[Round "1"]
[White "Dorfman, Josif D"]
[Black "Sokolov, Andrei"]
[Result "1/2-1/2"]
[WhiteElo "2607"]
[BlackElo "2554"]
[PlyCount "39"]
[EventDate "2003.08.18"]
[Source "ChessBase"]
[SourceDate "2003.11.11"]

1. d4 Nf6 2. c4 e6 3. Nc3 Bb4 4. Qc2 d5 5. cxd5 exd5 6. Bg5 h6 7. Bh4 c5 8. dxc5 Nc6 9. e3 g5 10. Bg3 Ne4 11. Bd3 Nxg3 12. hxg3 d4 13. exd4 Qxd4 14. O-O-O Qxc5 15. Nb5 Kf8 16. a3 Qxc2+ 17. Bxc2 Bc5 18. f3 Kg7 19. Ne2 Be6 20. Ned4 1/2-1/2

[Event "Dubai op"]
[Site "Dubai"]
[Date "2002.04.19"]
[Round "5"]
[White "Kiriakov, Petr"]
[Black "Vladimirov, Evgeny"]
[Result "1/2-1/2"]
[WhiteElo "2552"]
[BlackElo "2605"]
[PlyCount "39"]
[EventDate "2002.04.15"]
[Source "ChessBase"]
[SourceDate "2002.05.03"]

1. d4 Nf6 2. c4 e6 3. Nc3 Bb4 4. Qc2 d5 5. cxd5 exd5 6. Bg5 h6 7. Bxf6 Qxf6 8. a3 Bxc3+ 9. Qxc3 O-O 10. e3 c6 11. Nf3 Re8 12. Be2 Bg4 13. O-O Nd7 14. Rfc1 Nf8 15. Qb3 Qe7 16. h3 Bxf3 17. Bxf3 Ne6 18. g3 Ng5 19. Bg2 Qd7 20. h4 1/2-1/2

[Event "Elista ol (Men)"]
[Site "Elista"]
[Date "1998.09.30"]
[Round "2"]
[White "Dao Thien Hai"]
[Black "Rozentalis, Eduardas"]
[Result "1/2-1/2"]
[WhiteElo "2580"]
[BlackElo "2575"]
[PlyCount "69"]
[EventDate "1998.09.29"]
[Source "ChessBase"]
[SourceDate "1998.11.06"]

1. d4 Nf6 2. c4 e6 3. Nc3 Bb4 4. Qc2 d5 5. cxd5 exd5 6. Bg5 h6 7. Bxf6 Qxf6 8. a3 Bxc3+ 9. Qxc3 O-O 10. e3 c6 11. Be2 Bf5 12. Nf3 Nd7 13. O-O Bg4 14. b4 Rfe8 15. Rfc1 a6 16. a4 Qd6 17. h3 Bh5 18. b5 axb5 19. axb5 Rxa1 20. Rxa1 c5 21. dxc5 Nxc5 22. Rd1 Ne4 23. Qd4 Rd8 24. g4 Bg6 25. Nh4 Bh7 26. Bf3 Qe7 27. Bxe4 Bxe4 28. Nf5 Bxf5 29. gxf5 Qg5+ 30. Qg4 Kf8 31. Kf1 Qf6 32. Kg2 Qe5 33. Rd4 b6 34. Rd2 Kg8 35. Qd4 1/2-1/2

[Event "Moscow RUS"]
[Site "?"]
[Date "2005.02.15"]
[Round "1"]
[White "L'Ami Erwin"]
[Black "Sargissian Gabriel"]
[Result "0-1"]
[WhiteElo "2531"]
[BlackElo "2602"]
[PlyCount "94"]
[EventDate "2005.??.??"]
[Source "www.chesslib.no"]
[SourceDate "2004.05.04"]

1. d4 Nf6 2. c4 e6 3. Nc3 Bb4 4. Qc2 d5 5. cxd5 exd5 6. Bg5 h6 7. Bh4 c5 8. dxc5 g5 9. Bg3 Ne4 10. e3 Qa5 11. Nge2 Nc6 12. a3 Bxc5 13. Nc1 Bf5 14. Bd3 Bb4 15. axb4 Qxa1 16. O-O Nxb4 17. Bb5+ Kf8 18. Qb3 Qa5 19. Nxe4 dxe4 20. Bd6+ Kg8 21. Qxb4 Qxb4 22. Bxb4 a6 23. Be2 Be6 24. Bc3 Rh7 25. Rd1 f5 26. Rd6 Re7 27. Bf1 Kf7 28. Ne2 Rd7 29. Rb6 Rd1 30. Rxb7+ Kg8 31. Rg7+ Kf8 32. Rc7 Rc8 33. Rxc8+ Bxc8 34. Ng3 Bd7 35. Be5 Bb5 36. f4 h5 37. Kf2 h4 38. Ne2 g4 39. Bf6 Rb1 40. Bc3 Kf7 41. Be5 a5 42. Bc3 a4 43. Be5 Bd3 44. Bc3 Ke7 45. Be5 Kd7 46. Bf6 Ke6 47. Be5 Ke7 0-1

[Event "Linares Anibal op"]
[Site "Linares"]
[Date "1999.01.15"]
[Round "8"]
[White "Burmakin, Vladimir"]
[Black "Sokolov, Andrei"]
[Result "1/2-1/2"]
[WhiteElo "2560"]
[BlackElo "2565"]
[PlyCount "97"]
[EventDate "1999.01.??"]
[Source "ChessBase"]
[SourceDate "1999.03.01"]

1. d4 Nf6 2. c4 e6 3. Nc3 Bb4 4. Qc2 d5 5. cxd5 exd5 6. Bg5 h6 7. Bxf6 Qxf6 8. a3 Bxc3+ 9. Qxc3 O-O 10. e3 Bf5 11. Ne2 Nd7 12. Nf4 c5 13. Rd1 Rac8 14. Nxd5 Qd6 15. Nf4 cxd4 16. Qxd4 Qxd4 17. Rxd4 Rc1+ 18. Rd1 Rxd1+ 19. Kxd1 Nc5 20. Bc4 b5 21. Ba2 Rd8+ 22. Ke2 g5 23. Rc1 Na4 24. Nd5 Kg7 25. b4 Be4 26. Nc7 Bd3+ 27. Kf3 Nb2 28. Rc5 Bf1 29. Rd5 Rc8 30. Rc5 Rd8 31. Rc1 Bd3 32. Nd5 Nc4 33. Bxc4 Bxc4 34. Nc3 Rd2 35. a4 a6 36. axb5 axb5 37. g4 Rb2 38. Rb1 Rc2 39. Nd1 Be2+ 40. Kg3 Rc4 41. h3 h5 42. gxh5 Kh6 43. f3 Kxh5 44. Nf2 f5 45. Rb2 Bf1 46. e4 f4+ 47. Kh2 Rc3 48. Kg1 Rc1 49. Kh2 1/2-1/2

[Event "Open"]
[Site "Pune"]
[Date "2004.09.07"]
[Round "5"]
[White "Barsov, Alexei"]
[Black "Vladimirov, Evgeny"]
[Result "1/2-1/2"]
[WhiteElo "2497"]
[BlackElo "2628"]
[PlyCount "85"]
[EventDate "2004.09.03"]
[Source "Roberto Alvarez"]
[SourceDate "2004.09.21"]

1. d4 Nf6 2. c4 e6 3. Nc3 Bb4 4. Qc2 d5 5. cxd5 exd5 6. Bg5 h6 7. Bh4 c5 8. dxc5 g5 9. Bg3 Ne4 10. e3 Qa5 11. Nge2 Nc6 12. a3 Bf5 13. Qc1 Nxc5 14. axb4 Nd3+ 15. Kd2 Qxb4 16. Ra4 Nxc1 17. Rxb4 Nxe2 18. Rxb7 Nxg3 19. hxg3 d4 20. exd4 Nxd4 21. Nd5 Rd8 22. Bc4 O-O 23. Kc3 Ne2+ 24. Kb4 Nd4 25. Ne7+ Kg7 26. Rxa7 Rb8+ 27. Kc5 Ne6+ 28. Kd6 Rb6+ 29. Ke5 Bh7 30. Nf5+ Bxf5 31. Kxf5 Nd4+ 32. Ke4 Nc6 33. Rc7 Re8+ 34. Kd5 Re5+ 35. Kd6 Rf5 36. Rxf7+ Rxf7 37. Bxf7 Kxf7 38. Kc5 Rxb2 39. Kxc6 Rxf2 40. Rxh6 Kg7 41. Re6 Rxg2 42. Kd5 Rxg3 43. Ke4 1/2-1/2

[Event "Pula zt 1.2"]
[Site "Pula"]
[Date "2000.04.13"]
[Round "3"]
[White "Huzman, Alexander"]
[Black "Mitkov, Nikola"]
[Result "1/2-1/2"]
[WhiteElo "2570"]
[BlackElo "2545"]
[PlyCount "75"]
[EventDate "2000.04.11"]
[Source "ChessBase"]
[SourceDate "2000.07.27"]

1. d4 Nf6 2. c4 e6 3. Nc3 Bb4 4. Qc2 d5 5. cxd5 exd5 6. Bg5 h6 7. Bh4 c5 8. dxc5 Be6 9. e3 Nbd7 10. Bb5 Rc8 11. Nge2 Rxc5 12. Bxd7+ Bxd7 13. Qb3 Rc4 14. Bxf6 Qxf6 15. O-O Bc6 16. Rad1 Bxc3 17. Nxc3 Qe6 18. Qa3 a6 19. Rd3 f6 20. Rfd1 Kf7 21. h3 Rd8 22. b3 Rh4 23. Qa5 Rd7 24. e4 d4 25. Rxd4 Rxd4 26. Rxd4 Kg8 27. Qc5 Kh7 28. Rd6 Qe8 29. Qd4 Qg6 30. Re6 Rxh3 31. Nd5 Bxd5 32. Qxd5 Rh5 33. Qd2 Qg4 34. Re7 Qh4 35. Rxg7+ Kxg7 36. Qd7+ Kf8 37. Qd8+ Kf7 38. Qd7+ 1/2-1/2

[Event "Bad Woerishofen op"]
[Site "Bad Woerishofen"]
[Date "1999.??.??"]
[Round "7"]
[White "Savchenko, Stanislav"]
[Black "Lerner, Konstantin Z"]
[Result "1/2-1/2"]
[WhiteElo "2539"]
[BlackElo "2568"]
[PlyCount "55"]
[EventDate "1999.??.??"]
[Source "www.chesslib.no"]
[SourceDate "2004.05.04"]

1. d4 Nf6 2. c4 e6 3. Nc3 Bb4 4. Qc2 d5 5. cxd5 exd5 6. Bg5 h6 7. Bxf6 Qxf6 8. a3 Bxc3+ 9. Qxc3 O-O 10. e3 c6 11. Nf3 a5 12. Be2 Bg4 13. O-O Qd6 14. b4 axb4 15. axb4 Nd7 16. b5 c5 17. dxc5 Qxc5 18. Qxc5 Nxc5 19. h3 Be6 20. Nd4 Rfc8 21. g4 Kf8 22. Rfc1 Rxa1 23. Rxa1 Ke7 24. Kg2 Kd6 25. h4 Bd7 26. Bf3 Ne4 27. Bxe4 dxe4 28. Kg3 1/2-1/2

[Event "EUCup 17th"]
[Site "Panormo"]
[Date "2001.09.25"]
[Round "3"]
[White "Ivanov, Sergey"]
[Black "Kuzmin, Gennadi P"]
[Result "1/2-1/2"]
[WhiteElo "2556"]
[BlackElo "2542"]
[PlyCount "73"]
[EventDate "2001.09.22"]
[Source "ChessBase"]
[SourceDate "2001.10.26"]

1. d4 Nf6 2. c4 e6 3. Nc3 Bb4 4. Qc2 d5 5. cxd5 exd5 6. Bg5 O-O 7. e3 c5 8. dxc5 Nbd7 9. Bd3 h6 10. Bh4 Nxc5 11. Nge2 Bxc3+ 12. Qxc3 Qb6 13. Bxf6 Nxd3+ 14. Qxd3 Qxf6 15. Qd4 Qa6 16. Qd2 Bf5 17. O-O Bd3 18. Rfe1 Bxe2 19. Qxe2 Qe6 20. Red1 Rfc8 21. Rd2 Rc5 22. Rad1 Rac8 23. h3 a6 24. a3 Qf5 25. Qg4 Qxg4 26. hxg4 Rc2 27. Rxc2 Rxc2 28. b4 Rc3 29. Rxd5 b5 30. a4 bxa4 31. Ra5 Rc4 32. Rxa4 Rxg4 33. f4 Rg6 34. Kf2 Re6 35. g4 Re4 36. Ke2 a5 37. Rxa5 1/2-1/2